Business Statistics A First Course (Record no. 4580)

MARC details
000 -LEADER
fixed length control field 00465nam a2200157Ia 4500
008 - FIXED-LENGTH DATA ELEMENTS--GENERAL INFORMATION
fixed length control field 230312s9999||||xx |||||||||||||| ||und||
020 ## - INTERNATIONAL STANDARD BOOK NUMBER
International Standard Book Number 978-81-7758-924
082 ## - DEWEY DECIMAL CLASSIFICATION NUMBER
Classification number 658.4033
Item number LEV-B
100 ## - MAIN ENTRY--PERSONAL NAME
Personal name Levine David M.
245 #0 - TITLE STATEMENT
Title Business Statistics A First Course
260 ## - PUBLICATION, DISTRIBUTION, ETC.
Name of publisher, distributor, etc. Pearson Education
Place of publication, distribution, etc. New Delhi
Date of publication, distribution, etc. 2008
300 ## - PHYSICAL DESCRIPTION
Extent 677
546 ## - LANGUAGE NOTE
Language note Eng.
650 ## - SUBJECT ADDED ENTRY--TOPICAL TERM
Topical term or geographic name entry element Management
Form subdivision Introduction and data collection , Presenting data in tables and charts
942 ## - ADDED ENTRY ELEMENTS (KOHA)
Koha item type BOOK
Holdings
Withdrawn status Lost status Source of classification or shelving scheme Damaged status Not for loan Home library Current library Date acquired Total Checkouts Full call number Barcode Date last seen Date last checked out Price effective from Koha item type
    Dewey Decimal Classification     Superior Information Resource Center (SIRC) Superior University - City Campus Superior Information Resource Center (SIRC) Superior University - City Campus 03/13/2023 1 658.4033 LEV-B 4605 09/19/2024 09/10/2024 03/13/2023 BOOK

Powered by Koha